Bezpečnost při svařování plamenem a řezání kyslíkem. Příručka

Bibliographic Details
Main Author: Plešinger, Augustin (Author)
Format: Book
Language:Czech
PhysicalDescription:274 s. 12°
Published: Praha Práce 1974
Edition:4., dopln. vyd.
Series:Knižnice bezpečnosti a ochrany zdraví při práci

MARC

LEADER 00000nam a2200000 a 4500
001 vtls001289587
003 SK-MaSNL
005 20260301064917.0
008 251113s1974 xr 0 cze
035 |a SNK000241211 
040 |a SNK  |b slo  |c SNK  |e AACR2 
044 |a xr  |c CZ 
245 1 |a Bezpečnost při svařování plamenem a řezání kyslíkem. Příručka  |c uspoř. Augustin Plešinger a kol. 
250 |a 4., dopln. vyd. 
260 |a Praha  |b Práce  |c 1974 
300 |a 274 s.  |c 12° 
490 1 |a Knižnice bezpečnosti a ochrany zdraví při práci  |v sv. 131 
700 1 |a Plešinger, Augustin  |4 aut  |9 287499 
830 0 |a Knižnice bezpečnosti a ochrany zdraví při práci  |9 287500 
958 |a OND 
999 |c 628697  |d 630627 
952 |t P60, <04>, [BOOK], {604}  |a SNK  |b SNK  |y VYP  |7 0  |o snkIE 5682 D1  |i snkKIP 4033/75  |0 0  |1 0  |4 0  |d 1997-06-05  |l 0  |r 2005-01-02 00:00:00  |w 2026-02-23 
952 |t P60, <04>, [BOOK], {604}  |a SNK  |b SNK  |y VYP  |7 0  |o snkIE 5682  |i snkKIP 4032/75  |0 0  |1 0  |4 0  |d 1997-06-05  |l 0  |r 2005-01-02 00:00:00  |w 2026-02-23